00476nam a2200205Ia 450000500170000000800460001702000180006303700100008104000080009104000080009904000080010704100080011504100080012308400080013110000180013924500280015726000230018526000090020885600530021720260121154130.0008 260114s9999 xx 000 0 eng d a9781003368533 aEBOOK aCRL beng cCRL 2eng aeng qCRL a ZONG Baihua  3aAn Aesthetics Anthology bTaylor and Francis c2023 uhttp://www.taylorfrancis.com/books/9781003368533